00722 2200193 4500001002100000005001500021035002000036245004500056100001700101250001700118300002800135260003100163082000800194084001400202020002200216650001400238520024600252500003000498INLIS00000000000011820240507092121 a0010-05240000401 aRuna tidak berkecil hati /cLiza Erfiana0 aLiza Erfiana acetakan ke-1 a32 hlm :bilus ;c24 cm aSolo :bTiga Ananda,c2018 a813 a813 LIZ r a978-602-366-535-8 4aBuku anak a“Runa, si kapal pemadam kebakaran, sangat bersemangat ketika ada kebakaran besar. Itu artinya ia harus beraksi untuk memadamkannya. Akan tetapi, ternyata kekuatannya belum cukup untuk memadamkan kebakaran besar. Apakah Runa berkecil hati? aseri kendaraan penyelamat